Книга 3. Самостоятельная работа как основа успешной учебы; Основы образовательной программы

Bibliografiska uppgifter
Parent link:Основы образовательной программы: учебное пособие/ С. И. Каковихина, Г. В. Чиконина; Национальный исследовательский Томский политехнический университет (ТПУ). Книга 3. Самостоятельная работа как основа успешной учебы.— , 2012
Sammanfattning:Заглавие с титульного экрана
Пособие содержит практико-ориентировочные материалы по самостоятельной работе, анализу специальной литературы. Раскрыты вопросы подготовки к семинарам, коллоквиумам, создания научного доклада , вторичных научных текстов (аннотации, рецензии, отзыва, реферата, статьи). Это поможет студентам освоить приемы ведения самостоятельной научной работы. Методика эффективной подготовки к зачетам и экзаменам поможет снять «синдром сессии» и успешно пройти испытания. Каждая глава включает теоретический и практический материал, контрольные вопросы и задания, темы рефератов и эссе, библиографический список. Предназначено для студентов, преподавателей, аспирантов, работников образования.
Режим доступа: из корпоративной сети ТПУ
Språk:ryska
Publicerad: 2012
Ämnen:
Länkar:http://www.lib.tpu.ru/fulltext2/m/2012/m483.pdf
Materialtyp: Elektronisk Bok
KOHA link:https://koha.lib.tpu.ru/cgi-bin/koha/opac-detail.pl?biblionumber=228480

MARC

LEADER 00000nlm2a2200000 4500
001 228480
005 20231101230859.0
035 |a (RuTPU)RU\TPU\book\248955 
035 |a RU\TPU\book\248944 
090 |a 228480 
100 |a 20121219d2012 m y0rusy50 ca 
101 0 |a rus 
102 |a RU 
105 |a a j 000zy 
135 |a vrcn ---uucaa 
181 0 |a i  
182 0 |a b 
200 0 |a Книга 3. Самостоятельная работа как основа успешной учебы  |b Электронный ресурс 
203 |a Текст  |c электронный 
210 |d 2012 
230 |a 1 компьютерный файл (pdf; 1.6 MB) 
300 |a Заглавие с титульного экрана 
330 |a Пособие содержит практико-ориентировочные материалы по самостоятельной работе, анализу специальной литературы. Раскрыты вопросы подготовки к семинарам, коллоквиумам, создания научного доклада , вторичных научных текстов (аннотации, рецензии, отзыва, реферата, статьи). Это поможет студентам освоить приемы ведения самостоятельной научной работы. Методика эффективной подготовки к зачетам и экзаменам поможет снять «синдром сессии» и успешно пройти испытания. Каждая глава включает теоретический и практический материал, контрольные вопросы и задания, темы рефератов и эссе, библиографический список. Предназначено для студентов, преподавателей, аспирантов, работников образования. 
333 |a Режим доступа: из корпоративной сети ТПУ 
337 |a Adobe Reader 
461 1 |0 (RuTPU)RU\TPU\book\248933  |t Основы образовательной программы  |o учебное пособие  |f С. И. Каковихина, Г. В. Чиконина  |g Национальный исследовательский Томский политехнический университет (ТПУ)  |v Книга 3. Самостоятельная работа как основа успешной учебы  |d 2012 
606 1 |a Самостоятельная работа учащихся  |x В Вузе  |2 stltpush  |3 (RuTPU)RU\TPU\subj\53766  |9 71931 
610 1 |a учебные пособия 
610 1 |a труды учёных ТПУ 
610 1 |a электронный ресурс 
610 1 |a университетское образование 
610 1 |a специфика 
610 1 |a практический материал 
610 1 |a контрольные вопросы 
610 1 |a задания 
610 1 |a коллоквиумы 
610 1 |a научные тексты 
610 1 |a научные доклады 
610 1 |a самостоятельная работа 
686 |a Ч481.276я73  |2 rubbk 
801 1 |a RU  |b 63413507  |c 20090611  |g PSBO 
801 2 |a RU  |b 63413507  |c 20150515  |g PSBO 
856 4 |u http://www.lib.tpu.ru/fulltext2/m/2012/m483.pdf 
942 |c CF